Na čas po rozvode
Poukázanie na zlyhanie pri hľadaní správneho riešenia v rekodifikačnom prístupe v spojení "na čas po rozvode". Kritika a návrhy na zlepšenie viacerých ustanovení procesného práva. Vysvetlenie v súčasnosti platnej normy prostredníctvom jej historicko-právnej analýzy a porovnanie s inými riešeniami vz...
Gespeichert in:
| 1. Verfasser: | |
|---|---|
| Format: | Buchkapitel |
| Sprache: | Slowakisch |
| Schlagworte: | |
| Tags: |
Keine Tags, Fügen Sie das erste Tag hinzu!
|
MARC
| LEADER | 00000naa a2200000 4500 | ||
|---|---|---|---|
| 001 | 0269003 | ||
| 005 | 20201006094648.9 | ||
| 041 | 0 | |a slo | |
| 044 | |a SK | ||
| 245 | 1 | 0 | |a Na čas po rozvode |c Robert Šorl |
| 520 | |a Poukázanie na zlyhanie pri hľadaní správneho riešenia v rekodifikačnom prístupe v spojení "na čas po rozvode". Kritika a návrhy na zlepšenie viacerých ustanovení procesného práva. Vysvetlenie v súčasnosti platnej normy prostredníctvom jej historicko-právnej analýzy a porovnanie s inými riešeniami vzťahu rozvodového konania na jednej strane a opatrovníckeho či poručenského konania na druhej strane. | ||
| 610 | 2 | 0 | |a právo rodinné |
| 610 | 2 | 0 | |a kodifikácia práva |
| 610 | 2 | 0 | |a reformy |
| 610 | 2 | 0 | |a manželstvo |
| 610 | 2 | 0 | |a rozvodovosť |
| 610 | 2 | 0 | |a história |
| 100 | 1 | |a Šorl, Robert | |